Očakávané pokroky v obrábaní a ich vplyv na náradie

Saved in:
Bibliographic Details
Main Author: Lang, Tomáš
Other Authors: Tvrdoň, Jozef
Format: Book Chapter
Language:Slovak
Tags: Add Tag
No Tags, Be the first to tag this record!

MARC

LEADER 00000naa a2200000 4500
001 0145037
005 20240502083335.5
041 0 |a slo 
044 |a CZ 
245 1 0 |a Očakávané pokroky v obrábaní a ich vplyv na náradie  |c Tomáš Lang, Jozef Tvrdoň 
100 1 |a Lang, Tomáš 
700 1 |a Tvrdoň, Jozef